000 00802nab a2200241 u 4500
001 10744
003 HDC
007 cr bn ---aaaaa
008 210205c my dr|nes 0 a eng d
040 _aHDC
245 0 _aGreen productivity to help lower production cost
260 _a[No place] :
_b[publisher not identified],
_c[no year]
336 _atext
_2rdacontent
337 _acomputer
_2rdamedia
338 _aonline resource
_2rdacarrier
650 _aGreen productivity
_910990
650 _aHealth supplement
_95184
650 _aSmall business
_9208
856 _zRequest full-text at [email protected]
942 _2lcc
942 _cNEWS
942 _kNWSC 003926
999 _c8067
_d8067